00406nam a2200157Ia 45000010006000000050017000060080041000230410008000640820020000721000036000922450067001282600009001953000028002046500008002326540008002401781420260306171545.0260306s9999||||xx |||||||||||||| ||und|| aESP a658.3bA37 T. 3 aAlcázar García, ManueleAUT 0aGobierno de personas en la empresa:bpersonas y organizaciones c2019 a342 páginas :c24 cm. aGEN aCAN